000 00433nam a2200169Ia 4500
008 090123s9999 xx 000 0 und d
082 _b6978
100 _aखांडेकर वि.स.
245 _aअस्थी
250 _a1
300 _a56
600 _aखांडेकर वि.स.
630 _aअस्थी
700 _aखांडेकर वि.स.
730 _aअस्थी
942 _cBOOK
999 _c45043
_d45043